Normal view
MARC view
- التاريخ الاسلامي- الحضارة الاسلامية
Entry Topical Term
001 - CONTROL NUMBER
- control field: 15111
003 - CONTROL NUMBER IDENTIFIER
- control field: JO-AjAnu
005 - DATE AND TIME OF LATEST TRANSACTION
- control field: 20230606072718.0
008 - FIXED-LENGTH DATA ELEMENTS
- fixed length control field: 230606|| aca||aabn | a|a d
040 ## - CATALOGING SOURCE
- Original cataloging agency: JO-AjAnu
- Transcribing agency: JO-AjAnu
150 ## - HEADING--TOPICAL TERM
- Topical term or geographic name entry element: التاريخ الاسلامي- الحضارة الاسلامية
670 ## - SOURCE DATA FOUND
- Source citation: Work cat.: (JO-AjAnu)7758: السيوطي، جلال الدين عبد الرحمن، تحقيق زغلول، محمد السعيد بيسوني, author 15110, الوسائل في مسامرة الأوائل / لجلال الدين عبد الرحمن السيوطي. ويليه كتاب الأوائل / للحافظ الطبراني ؛ تحقيق محمد السعيد زغلول